Former empires that Croatia has been apart of - Statistics

General Stats
  • This quiz has been taken 112 times
  • The average score is 6 of 8
Answer Stats
Hint Answer % Correct
Turkish based empire that fought in WW1 Ottoman Empire
100%
Formed after WW1, means "land of the south slavs" Yugoslavia
97%
Empire based around 2 kingdoms, dissolved shortly after WW1 Austria Hungary
96%
East Roman Empire, starts with B Byzantine Empire
82%
Puppet state formed by Nazi Germany Independent state of Croatia
71%
Empire based around the Roman catholic church Holy Roman Empire
67%
Weak empire during WW2, only owned istria Fascist Italy
64%
Empire that spread Christianity Roman Empire
55%
No matching quizzes found
Score Distribution
Percent of People with Each Score
Percentile by Number Answered
Your Score History
You have not taken this quiz